000 00434nam a2200169Ia 4500
003 GCL
008 140319s9999 xx 000 0 eng d
040 _aGCL /
_cGCL
082 0 4 _a930.103
_bV D
100 1 _aVILLE, GEORGES
245 1 0 _aDICTIONNAIRE DE L'ARCHEOLOGIE /
_cVILLE, GEORGES
260 _a[S.N] :
_bLIBRARY OF LAROUSSE ،
_c1988
300 _a255
650 0 4 _aDICTIONARIES
650 0 4 _aARCHAEOLOGY
942 _2ddc
_cBK
999 _c10986
_d10986